| 000 | 01166nam a2200121Ia 4500 | ||
|---|---|---|---|
| 008 | 220615s9999||||xx |||||||||||||| ||und|| | ||
| 245 | 0 | _aSurface Engineering of Light Alloys | |
| 546 | _aEnglish[eng] | ||
| 650 | _aMg alloy||corrosion protection||hydrothermal synthesis||coating||degradable implant||titanium||gallic acid||polyphenols||surface functionalization||metal implants||aluminum alloys||brazing||surface preparation||interface reactions||joining||microstructure||phase/composition in reaction layer||Ni–P coatings||Ni3P phase||Mg alloys||AZ91||heat treatment||microhardness||crystallite size||ion irradiation||dislocation||irradiation defect||microcrystal||antibacterial activity||bone growth||apatite formation||silver||strontium||calcium titanate||ion release||cytotoxicity||controlled release||biodegradable magnesium||dopamine||Impedance behavior||molecular dynamic simulation||aluminum oxide layers||nanostructure||tribological wear||surface morphology||thermo-chemical treatment||artificial saliva||lubricant||zirconia||titanium alloys||wear||n/a | ||
| 700 | _aFerraris, Sara | ||
| 856 | _uhttps://mdpi.com/books/pdfview/book/3588 | ||
| 942 | _cEB | ||
| 999 |
_c10288 _d10288 |
||